000 00595nam a22001577a 4500
005 20251108174725.0
008 250721s2007 xx 000 0 ara d
082 1 4 _aم/338.9/لجن
245 1 0 _aمسح للتطورات الإقتصادية و الإجتماعية في منطقة الإسكوا 2006-2007 : موجز /
264 1 _aنيويورك :
_bالأمم المتحدة،
_c2007.
300 _a13ص
650 1 7 _aاللجنه الاقتصاديه و الاجتماعيه لغربي آسيا
650 1 7 _aالتنميه الاقتصاديه
942 _2ddc
_cREF
999 _c116400
_d116400